Open Data Biblioteca Nacional de Portugal


República Portuguesa: Ministério da Cultura
Biblioteca Nacional de Portugal

Catálogo da BNP: acesso por Identificadores Unívocos
Registos Bibliográficos associados ao registo de autoridade

Etiqueta de registo: 00254nam 2200025 450
001 2278946
003 http://id.bnportugal.gov.pt/bib/catbnp/2278946
100 ## $a20260310d2024 k y0pory01030103ba
101 0# $apor$deng
102 ## $aPT
105 ## $aa m 000yy
106 ## $ar
200 1# $aAcentuação e expressão no repertório para trombone no séc. XX$e4 estudos interpretativos sobre obras de Gröndahl, Tomasi, Crespo e Berio$fCarlos Reinaldo dos Santos Antunes Guerreiro$gorient. Rui Pereira Jorge
210 #9 $aLisboa$c[s.n.],$d2024
215 ## $aXI, 248 f.$cil.$d30 cm
328 #1 $aTese dout. Artes Musicais (Prática e Interpretação Musical), Faculdade de Ciências Sociais e Humanas, Universidade NOVA de Lisboa, 2024
700 #1 $aGuerreiro,$bCarlos Reinaldo dos Santos Antunes$31990590
702 #1 $aJorge,$bRui Pedro Rodrigues Pereira,$f1970-$4727$31051173
801 #0 $aPT$bBN$gRPC
966 ## $lBN$mFGMON$x1
971 ## $cssilva$d20260310

OpendataBNP@bnportugal.pt | Mais informação sobre acesso aos dados BNP